Mon film/série préféré par acteur(trice) - Statistiques

Statistiques générales
  • Ce quiz a été pris 37 fois
  • Le résultat moyen est 10 sur 30
Statistiques - réponses
Nom de l'acteur Titre du film Indice % Correct
6 Vin Diesel Fast and Furious rapide et furieux
100%
4 Chadwick Boseman Black Panther Wakanda Forever🕊️
97%
3 Kate Winslet Titanic Je vole !!
94%
2 Leonardo DiCaprio Le loup de Wall Street Vendez-moi ce stylo.
71%
1 Liam Neeson Taken Bon chance
48%
26 Will Smith I, Robot L'action se déroule en 2035. Des robots sont pleinement intégrés à notre vie quotidienne, et tout le monde a confiance en eux, à l'exception d'un détective légèrement paranoïaque enquêtant sur un meurtre dont il est le seul à penser qu'il est l'?uvre d'un robot. Cette enquête l'amènera à découvrir une bien plus terrifiante menace pour la race humaine.
39%
18 Michael Clarke Duncan La Ligne verte Un homme condamner a mort sur la chaise électriques (il est innocent)
35%
17 William Fichtner prison break Un détenu rejoint fox river pour libéré sont frère. (Série)
35%
22 Shia LaBeouf Transformers Voiture,robotique,Mégatron.
35%
30 Eddie Murphy Docteur Dolittle Un vétérinaire qui comprend et parle avec les animaux.
32%
23 Megan Fox Ninja Turtles 4 Ninja très spécial (animaux) 1 Rat en tant que père.
32%
25 Jared Leto Suicide Squad face à une menace aussi énigmatique qu'invincible, l'agent secret Amanda Waller réunit une armada de crapules de la pire espèce. Armés jusqu'aux dents par le gouvernement, ces super-méchants s'embarquent alors pour une mission-suicide.
32%
27 Chuck Norris Walker, Texas Ranger Le ranger champion d'arts martiaux croit aux bonnes valeurs américaines et les défend le plus souvent avec ses poings et son pistolet. Véritable cowboy des temps modernes, avec son Stetson et ses Santiags. (série)
32%
7 Michelle Rodriguez Resident Evil Leon S. Kennedy
29%
12 Brad Pitt World War Z Nom d'un jeu + Zombie.
29%
24 Margot Robbie Birds of Prey et la fantabuleuse histoire de Harley Quinn Après avoir était larguer par le Joker elle commence une vie seule de anti héro.
23%
15 Bruce Willis Le Cinquième Élément 4 pierre 1 femme pour sauver la terre.
23%
16 Peter Stormare Armageddon Une météorite va détruire la terre, on envoies des pétroliers pour sauver la terre.
19%
21 Jon Bernthal The Punisher Après le massacre de toute sa famille, un ex-agent d'élite du FBI, que l'on disait mort dans le carnage, se lance dans une impitoyable vendetta. Seule la mort de ses ennemis pourra l'arrêter. (Série Marvel)
19%
10 Rudy Pankow Uncharted tiré d'un Jeu vidéo
19%
14 Dolph Lundgren Expendables Un groupe de mercenaires qui travail pour un agent du FBI.
16%
29 Jackie Chan Le Smoking Jimmy Tong, chauffeur de taxi à New York, a pour client un richissime homme d'affaires nommé Clark Devlin. Clark propose à Jimmy de l'engager comme chauffeur, à condition que ce dernier ne touche jamais à son smoking. Vint le jour où les deux hommes tombent dans une embuscade. Clark Devlin, sérieusement blessé durant l'attaque, demande à Jimmy de porter le fameux smoking. Dès lors, son destin bascule.
16%
20 Michael Peña Fury Un Tank de 7 personne contre tout les allemands pendant la seconde guerre mondial.
13%
28 Bruce Lee La Fureur du dragon Originaire d'Hong-Kong, Tang Lung est envoyé par Wang en Italie pour aider Chen, la nièce de ce dernier, qui exploite un restaurant à Rome. La jeune femme subit en effet des pressions de la mafia pour vendre son établissement. Devant son obstination à refuser, les truands multiplient les intimidations. Tang Lung, redoutable combattant, compte sur ses aptitudes physiques pour la sortir de cette mauvaise passe.
13%
11 Channing Tatum White House Down La maison blanche se fait attaqué.
13%
5 Paul Walker Brick Mansions B13
10%
19 Arnold Schwarzenegger Fubar Quand un père et sa fille découvrent qu'ils travaillent secrètement au sein de la CIA depuis des années, ils réalisent qu'ils ne se connaissent pas. Contraint de faire équipe, ce duo est embarqué dans de dangereuses missions. (Série) 2023
10%
13 Jason Statham Hyper Tension Chev Chelios est un tueur professionnel. Il se réveille un matin dans un sale état et découvre via un DVD que Verona, l'un de ses rivaux dans la profession, lui a injecté une substance poétiquement surnommée cocktail de Beijing. Ce poison l'aura tué dans moins d'une heure.
6%
9 Tyrese Gibson Quatre Frères Je suis votre oncle Bobby. - mais t'es blanc. - votre grand-mère nous a adopté comme l'a fait pour votre papa.
6%
8 Mark Wahlberg Apprentis Parents Adoption
3%
Aucun quiz correspondant
Distribution des résultats
% des personnes avec chaque résultat
Percentile par nombre de réponses
Votre historique - résultats
Vous n’avez pas pris ce quiz